Statistics for Text - "Tommy tycker om mig" - Carola Häggkvist

Click here to take the quiz!

General Stats

  • This quiz has been taken 159 times
  • The average score is 209 of 272

Answer Stats

Ord% Correct
tycker
100%
mig
99%
mig"
99%
o
99%
Tommy
99%
om
98%
Jag
96%
jag
96%
96%
Är
95%
är
95%
det
94%
Det
94%
att
92%
Att
92%
I
92%
i
92%
och
92%
vet
88%
sant
86%
E
84%
han
83%
Han
83%
du
82%
Du
82%
Men
82%
men
82%
min
82%
ut
82%
var
82%
hon
81%
Mamma
81%
mamma
81%
81%
säger
80%
säger:
80%
hemma
78%
inte
77%
ju
77%
stanna
77%
har
76%
igår
76%
ikväll
76%
Pappa,
76%
ute
76%
ingen
75%
faktiskt
73%
kom
73%
rätt
72%
likadant,
71%
likadant
71%
som
71%
finns
69%
till
69%
annan
68%
tjej
67%
"Fast
66%
fast
66%
får
65%
"Hej,
65%
förstår
63%
helt
63%
känna
59%
den
58%
känner
58%
mitt
58%
sitt
58%
utanför
58%
gillar,
55%
jämt
55%
rum
53%
bort
52%
drömmer
52%
sitter
52%
dom
49%
nonchalant
48%
När
44%
vill
44%
okey."
42%
okey"
42%
klass
39%
visslar
39%
en
35%
gett
35%
plugget
35%
vara
35%
hans
34%
rast
34%
varje
34%
foto
33%
pratar
33%
vid
31%
bänk
29%
Varenda
26%
Allt
25%
någonting
25%
kärlek
24%
hemlighet
23%
vuxen
19%
hört
17%
Han säger:
15%
är nåt
14%
Är han
11%

Score Distribution

Percentile by Number Answered

Percent of People with Each Score

Your Score History

You have not taken this quiz